000 01104nam a2200253 a 4500
999 _c390401
_d390401
003 BLK
005 20230715005252.0
008 201021b bu |||||r|||||00| | bu d
040 _aBLK
041 _aRUS
_cRUS
080 _aРуска литература
_b821.161.1
_x(081.1)
_z821.161.1(081.1)
100 _aПушкин, Александър Сергеевич
_d1799-1837
_9364559
139 _aПушкин, Александър Сергеевич
245 _aИсторические сочинения и Путешествие в Арзрум
_bСочинения А.С. Пушкина
_cАлександр Сергеевич Пушкин
250 _a2-е изд., испр. и доп. [Т. 1-10]
260 _9435405
_aСанкт-Петербург
_bТип. А. С. Суворина
_c1887
300 _a[2], 467, [2] с.
_c15 см
380 _aX
490 _9435080
_aКолекция Редки и ценни издания
760 _tДраматические произведения
852 _aРр 887
_bРц
942 _cKNG
_n0
_s1
944 _c2020-10-21
_k
_lCRON CRON